| 000 | 00626cam a22002291 4500 | ||
|---|---|---|---|
| 001 | 7013385 | ||
| 005 | 20180220041116.0 | ||
| 008 | 741125s1959 paua 000 0 eng | ||
| 010 | _a 59005954 | ||
| 015 | _aGB59-5770 | ||
| 035 | _a(OCoLC)1087222 | ||
| 040 |
_aDLC _cMBNU _dOCoLC _dGAuM _dUk _dDLC |
||
| 041 | _aeng | ||
| 042 | _apremarc | ||
| 080 | _a616.01 | ||
| 082 | _a616.01 BUR | ||
| 100 | 1 | _a11 | |
| 101 | _aMIK | ||
| 245 | 0 | 0 |
_aTextbook of microbiology. _cWith the collaboration of Richard Janvier Porter [and] James William Moulder. |
| 906 |
_a7 _bcbc _coclcrpl _du _encip _f19 _gy-gencatlg |
||
| 942 |
_2ddc _cBK |
||
| 999 |
_c42889 _d42889 |
||